000 00623nam a2200217Ii 4500
003 JO-AjNU
008 230605s9999||||xx |||||||||||||| ||und||
017 _a1975/5463
040 _aJO-AjNU
_bara
_erda
_cJO-AjNU
041 _aara
050 1 4 _aHD37.A7.Z3442.1978
100 3 _aهاشم، زكي محمود,
_eauthor
_936581
245 0 0 _aالادارة العلمية
250 _aط2
264 3 1 _aالكويت:وكالة المطبوعات،1979
300 _a384
336 _atext
_btxt
_2rdacontent
337 _aunmediated
_bn
_2rdamedia
338 _avolume
_bnc
_2rdacarrier
650 4 _aادارة
_936582
999 _aA15211
_c18779
_d18779